| Поле | Название | Значение |
| |
Тип записи |
i |
| |
Библиографический уровень |
m |
| 001 |
Контрольный номер |
RU/IS/BASE/482603849 |
| 005 |
Дата корректировки |
20201206204943.0 |
| 010 |
Индекс ISBN |
__ |
| d |
Цена |
149-75 |
| 100 |
Данные общей обработки |
__ |
| a |
Данные общей обработки |
19150417d2010||||||| 0engy0189 ca |
| 101 |
Язык документа |
0_ |
| a |
Язык текста |
eng |
| 102 |
Страна публикации |
__ |
| a |
Страна публикации |
ru |
| 105 |
Кодированные данные (монография) |
__ |
| a |
Кодированные данные (монография) |
nn|||||||||zy |
| 127 |
Кодированные данные (звукозаписи-физические характеристики) |
__ |
| a |
Продолжительность проигрывания |
04 ч 58 мин |
| 200 |
Заглавие и сведения об ответственности |
1_ |
| a |
Заглавие |
Love of Life |
| e |
Сведения, относящиеся к заглавию |
[аудиокнига на английском языке : 12+] |
| f |
Первые сведения об ответственности |
Jack London ; read by Cora McDonald |
| b |
Общее обозначение материала |
Звукозапись |
| 200 |
Заглавие и сведения об ответственности |
__ |
| d |
Параллельное заглавие |
Любовь к жизни |
| 210 |
Выходные данные |
__ |
| a |
Место издания |
Москва |
| c |
Издательство |
АРДИС |
| d |
Дата издания |
2005 |
| 215 |
Физическое описание |
__ |
| a |
Объем |
1 электрон. опт. диск (Audio CD) |
| c |
Иллюстрации/тип воспроизводства |
mp3, mono |
| d |
Формат |
12х14 см |
| 225 |
Серия |
__ |
| a |
Серия |
Литература на иностранных языках |
| 230 |
Специфическая характеристика материала: электронные ресурсы |
__ |
| a |
Обозначение и объем ресурса |
Электронные звуковые данные |
| 300 |
Общие примечания |
__ |
| a |
Общие примечания |
Текст прочитан по изд.: Лондон, Д. "Любовь к жизни" и другие рассказы : на англ. яз. / Джек Лондон. - М. : Радуга, 2004 |
| 300 |
Общие примечания |
__ |
| a |
Общие примечания |
На английском языке |
| 323 |
Примечание о главных создателях, исполнителях, участниках |
__ |
| a |
Примечание о главных создателях, исполнителях, участниках |
McDonald, C. (read) |
| 327 |
Примечание о содержании |
__ |
| a |
Примечание о содержании |
The White Silence |
| 327 |
Примечание о содержании |
__ |
| a |
Примечание о содержании |
The Story of Jees Uck |
| 327 |
Примечание о содержании |
__ |
| a |
Примечание о содержании |
The Marriage of Lit-lit |
| 327 |
Примечание о содержании |
__ |
| a |
Примечание о содержании |
The White Man's Way |
| 327 |
Примечание о содержании |
__ |
| a |
Примечание о содержании |
The Story of Keesh |
| 327 |
Примечание о содержании |
__ |
| a |
Примечание о содержании |
Grit of Women |
| 330 |
Аннотация |
__ |
| a |
Аннотация |
Представляемая на английском языке аудиоверсия рассказов Джека Лондона – это возможность услышать в оригинале один из лучших сборников автора. В рассказах Джека Лондона - величественные зимние пейзажи, цельные характеры, острые ситуации, борьба за золото - все это присутствует в избытке и заставляет с нетерпением следить за развитием действия. Но самое главное – это борьба человека с самим собой Человек, совесть которого не замерзает даже тогда, когда термометр показывает пятьдесят градусов ниже нуля, - вот подлинный герой ранних рассказов Лондона. «Даже умирая, он не покорялся смерти. Возможно, это было чистое безумие, но и в когтях смерти он бросал ей вызов и боролся с ней». |
| 333 |
Примечание о целевом назначении |
__ |
| a |
Примечание о целевом назначении |
12+. Для детей старше 12 лет |
| 337 |
Примечание о системных требованиях (электронные ресурсы) |
__ |
| a |
Примечание о системных требованиях (электронные ресурсы) |
Системные требования: MS Windows ; Pentium 100 ; RAM 16 Mb; CD-ROM; SVGA 800x600; звуковая карта; аудиосистемы с поддержкой MP3 |
| 517 |
Другие варианты заглавия |
__ |
| a |
Другие варианты заглавия |
White Silence |
| 517 |
Другие варианты заглавия |
__ |
| a |
Другие варианты заглавия |
Story of Jees Uck |
| 517 |
Другие варианты заглавия |
__ |
| a |
Другие варианты заглавия |
Marriage of Lit-lit |
| 517 |
Другие варианты заглавия |
__ |
| a |
Другие варианты заглавия |
White Man's Way |
| 517 |
Другие варианты заглавия |
__ |
| a |
Другие варианты заглавия |
Story of Keesh |
| 517 |
Другие варианты заглавия |
__ |
| a |
Другие варианты заглавия |
Grit of Women |
| 606 |
Тематические рубрики |
__ |
| a |
Основная рубрика |
Литература Америки (произведения) |
| a |
Основная рубрика |
Художественная литература |
| z |
Хронологическая подрубрика |
19 в. |
| z |
Хронологическая подрубрика |
20 в. нач. |
| y |
Географическая подрубрика |
США |
| 610 |
Ключевые слова |
__ |
| a |
Ключевые слова |
американская литература |
| a |
Ключевые слова |
английский язык |
| a |
Ключевые слова |
приключенческие рассказы |
| a |
Ключевые слова |
рассказы |
| a |
Ключевые слова |
тема жизни |
| a |
Ключевые слова |
тема любви |
| a |
Ключевые слова |
тема мужества |
| a |
Ключевые слова |
тема приключений |
| a |
Ключевые слова |
тема Севера |
| 686 |
Индексы других классификаций |
__ |
| a |
Классификационный индекс |
84(7Сое)53-4я04 |
| 700 |
Автор |
_1 |
| a |
Фамилия |
London |
| b |
Имя |
J. |
| f |
Даты |
1876-1916 |
| g |
Полное личное имя |
Jack |
| 4 |
Код отношения |
070 |
| 790 |
Имя лица - альтернативная форма |
__ |
| a |
Имя лица - альтернативная форма |
Лондон, Д. |
| 801 |
Источник записи |
_0 |
| a |
Страна |
ru |
| b |
Организация |
Муниципальное бюджетное учреждение культуры "Централизованная библиотечная система" г. Сургут (Центральная городская библиотека им. А. С. Пушкина) |
| c |
Дата составления |
20150417 |
| g |
Правила каталогизации |
КиК/Котельникова |
| 801 |
Источник записи |
_1 |
| a |
Страна |
ru |
| b |
Организация |
Муниципальное бюджетное учреждение культуры "Централизованная библиотечная система" г. Сургут (Центральная городская библиотека им. А. С. Пушкина) |
| c |
Дата составления |
20150417 |
| g |
Правила каталогизации |
КиК/Котельникова |
| 852 |
Данные о местонахождении |
__ |
| j |
Шифр хранения |
84(7Сое)53-4я04 |
| i |
Авторский знак |
L 87 |
| 901 |
Тип документа |
__ |
| t |
Тип документа |
0 |
| 903 |
Характеристики (МАРС) |
__ |
| a |
Дата передачи |
20150417 |
| 969 |
Тип издания |
__ |
| a |
Тип издания |
аудиокнига; издание для слепых |
| 990 |
Данные о заказе (DOS) |
__ |
| j |
Количество экземпляров (DOS) |
1 |
| t |
N записи в КСУ для И/У (DOS) |
201504 |